Classement Ballon d'Or masculin 2025 - Statistiques

Statistiques générales
  • Ce quiz a été pris 79 fois
  • Le résultat moyen est 27 sur 30
Statistiques - réponses
Classement Poste Club(s) Nationalité Joueur % Correct
1 ATT Paris Saint-Germain Français Ousmane Dembélé
100%
2 ATT FC Barcelone Espagnol Lamine Yamal
99%
4 ATT Liverpool Égyptien Mohamed Salah
97%
6 DEF Paris Saint-Germain Marocain Achraf Hakimi
96%
8 MIL Chelsea Anglais Cole Palmer
96%
7 ATT Real Madrid Français Kylian Mbappé
96%
3 MIL Paris Saint-Germain Portugais Vitinha
96%
9 G Paris Saint-Germain / Manchester City Italien Gianluigi Donnarumma
94%
11 MIL FC Barcelone Espagnol Pedri
94%
10 DEF Paris Saint-Germain Portugais Nuno Mendes
93%
5 ATT FC Barcelone Brésilien Raphinha
93%
13 ATT Bayern Munich Anglais Harry Kane
91%
17 ATT FC Barcelone Polonais Robert Lewandowski
90%
16 ATT Real Madrid Brésilien Vinicius Jr.
90%
14 ATT Paris Saint-Germain Français Désiré Doué
89%
26 ATT Manchester City Norvégien Erling Haaland
89%
27 MIL Arsenal Anglais Declan Rice
87%
28 DEF Liverpool Néerlandais Virgil van Dijk
87%
29 MIL Bayer Leverkusen / Liverpool Allemand Florian Wirtz
86%
19 MIL Paris Saint-Germain Portugais João Neves
86%
23 MIL Real Madrid Anglais Jude Bellingham
86%
20 ATT Inter Milan Argentin Lautaro Martinez
86%
30 ATT Bayern Munich Français Michael Olise
86%
15 ATT Sporting CP / Arsenal Suédois Viktor Gyökeres
86%
24 MIL Paris Saint-Germain Espagnol Fabian Ruiz
84%
21 ATT Borussia Dortmund Guinéen Serhou Guirassy
84%
18 MIL Naples Écossais Scott McTominay
83%
22 MIL Liverpool Argentin Alexis Mac Allister
80%
12 ATT Paris Saint-Germain Géorgien Khvicha Kvaratskhelia
79%
25 DEF Inter Milan Néerlandais Denzel Dumfries
51%
Aucun quiz correspondant
Distribution des résultats
% des personnes avec chaque résultat
Percentile par nombre de réponses
Votre historique - résultats
Vous n’avez pas pris ce quiz